Modern shadowgraphy /

Bibliographic Details
Main Author: Silhouette
Format: eBook
Language:English
Published: London : Hamley Bros., [1903]
Subjects:
Online Access:Connect to the full text of this electronic resource

MARC

Tag First Indicator Second Indicator Subfields
LEADER 00000cam a2200000 a 4500
001 in00003422639
005 20190407113042.0
006 m o d
007 cr bn ---uuuuu
008 130209s1903 enka of 000 0 eng d
035 |a AC009198 
040 |a UkMbAM-D  |c UkMbAM-D  |d UtOrBLW 
100 0 |a Silhouette. 
245 1 0 |a Modern shadowgraphy /  |c by Silhouette. 
264 1 |a London :  |b Hamley Bros.,  |c [1903] 
300 |a 1 online resource. 
336 |a text  |b txt  |2 rdacontent 
337 |a computer  |b c  |2 rdamedia 
338 |a online resource  |b cr  |2 rdacarrier 
535 1 |a Bill Douglas Centre, University of Exeter 
500 |a Electronic resource. 
650 0 |a Shadow-pictures  |v Handbooks, manuals, etc. 
650 0 |a Shadow shows. 
856 4 0 |u http://proxy.library.tamu.edu/login?url=http://www.victorianpopularculture.amdigital.co.uk/Contents/document-details.aspx?documentid=697801  |z Connect to the full text of this electronic resource  |t 0 
999 |a MARS 
999 f f |s 51ca554a-e7f2-34ea-93ac-9af498f9bf2a  |i 06047061-1ac5-3c13-8d4a-4d74fd84c028  |t 0 
952 f f |a Texas A&M University  |b College Station  |c Electronic Resources  |d Available Online  |t 0  |h No information provided 
998 f f |t 0  |l Available Online